000 00626nam a2200193Ia 4500
003 GCL
008 140319s9999 xx 000 0 ara d
040 _aGCL /
_cGCL
082 0 4 _aق
_b932
_bت ك
100 1 _aمحمود ماهر طه
245 1 0 _aكنوز الفراعنة:(مدخل لدراسة مصر القديمة) /
_cمحمود ماهر طه
700 1 _aاحمد زهير امين
700 1 _aجيمز، ت . ج . هـ
300 _a259 ص
490 _aالهيئة العامة للاستعلامات
_v0
650 0 4 _aالفراعنة
650 0 4 _aمصر القديمة - تاريخ
942 _2ddc
_cBK
999 _c51942
_d51942